000
00302nam a22001337a 4500
020
_a
978-93-90602-01-8
082
_a
823
_b
MAP/H
100
_a
MAPLE KIDS
245
_a
HEIDI
260
_a
NOIDA
_b
MAPLE PRESS PRIVATE LIMITED
_c
2022
300
_a
24
650
_a
CHILDRENS LITERATURE
_z
INDIA
942
_c
BK
999
_c
7087
_d
7087